|
|
|
|
| LEADER |
01000nab#a2200349#ar4500 |
| 001 |
000079972 |
| 003 |
SVKKK |
| 005 |
20060726132948.0 |
| 008 |
c2006 ne e eng |
| FMT |
|
|
|
| 015 |
|
|
|a SNBRB2006/07-ccccc
|
| 038 |
|
|
|a SVKKK
|
| 040 |
|
|
|a SVKKK
|b slo
|e AACR2
|
| 041 |
0 |
|
|a eng
|b eng
|
| 044 |
|
|
|a ne
|c NL
|
| 080 |
|
|
|a 004.032.26
|2 1997
|
| 080 |
|
|
|a 624.131.543
|2 1997
|
| 100 |
1 |
|
|a Neaupane, K.M.
|4 aut
|
| 242 |
1 |
0 |
|a Analytický sieťový model na zónovanie zosuvného rizika
|
| 245 |
1 |
0 |
|a Analytic network process model for landslide hazard zonation
|c K.M. Neaupane, Piantanakulchai
|
| 300 |
|
|
|b Obr., tab.
|
| 504 |
|
|
|a Bibliogr. odkazy
|
| 504 |
|
|
|a Res. angl.
|
| 650 |
0 |
4 |
|a modely analytické sieťové
|x riziko zosúvania
|x zónovanie
|
| 700 |
1 |
|
|a Piantanakulchai, M.
|4 aut
|
| 773 |
0 |
|
|t Engineering geology
|x 0013-7952
|g Roč. 85, č. 3-4 (jún 2006), s. 281-294
|
| 958 |
|
|
|a NB
|
| 992 |
|
|
|a RBX
|
| BAS |
|
|
|
| 852 |
|
|
|a SVKKK
|b BIB
|
| EXP |
|
|
|
| 998 |
|
|
|a GEO
|